| 000 | 00491nam a2200169 i 4500 | ||
|---|---|---|---|
| 001 | 49018 | ||
| 003 | ES-MaACL | ||
| 005 | 20230906161851.0 | ||
| 007 | t| | ||
| 008 | 030704s1903 fr ||||1| spa d | ||
| 100 | 1 |
_aCorona Bustamante, F. _940671 |
|
| 245 | 1 | 0 |
_aDiccionario inglés-español y español-inglés / _cF. Corona Bustamante. |
| 260 |
_aParis : _bGarnier Hermanos, _c1903. |
||
| 300 |
_av. ; _c14 cm. |
||
| 500 | _aEs el vol. 1º (inglés-español) | ||
| 852 |
_aES-MaACL _jD-5195 |
||
| 999 |
_c49018 _d49018 |
||